Přepravky se bez myčky neobejdou
Vratné prepravné obaly používané v logistike vyžadujú starostlivosť a pravidelné čistenie. Odolnosť obalu a ochrana skladovaného či prepravovaného produktu je na prvom mieste. Najčastejšie sú prepravky poškodené kvôli zlej alebo neopatrnej manipulácii. Dizajn a tvar je kľúčom pre ich ľahké a dobré č...
Gespeichert in:
| 1. Verfasser: | |
|---|---|
| Format: | Buchkapitel |
| Sprache: | Tschechisch |
| Schlagworte: | |
| Tags: |
Keine Tags, Fügen Sie das erste Tag hinzu!
|
MARC
| LEADER | 00000naa a2200000 4500 | ||
|---|---|---|---|
| 001 | 0247656 | ||
| 005 | 20180912112540.2 | ||
| 041 | 0 | |a cze | |
| 044 | |a CZ | ||
| 245 | 1 | 0 | |a Přepravky se bez myčky neobejdou |c Pavel Toman |
| 520 | |a Vratné prepravné obaly používané v logistike vyžadujú starostlivosť a pravidelné čistenie. Odolnosť obalu a ochrana skladovaného či prepravovaného produktu je na prvom mieste. Najčastejšie sú prepravky poškodené kvôli zlej alebo neopatrnej manipulácii. Dizajn a tvar je kľúčom pre ich ľahké a dobré čistenie. Pri manipulácii je potrebné dodržiavať pokyny výrobcu. Moderná automatická mycia linka funguje v Jihlave, na Slovensku v Trnave. Preprava tovaru vo vratných obaloch je pre firmy ekonomicky výhodná. | ||
| 610 | 2 | 0 | |a obaly |
| 610 | 2 | 0 | |a balenie |
| 610 | 2 | 0 | |a hygiena |
| 610 | 2 | 0 | |a preprava |
| 610 | 2 | 0 | |a manipulácia s tovarom |
| 610 | 2 | 0 | |a firmy |
| 610 | 2 | 0 | |a logistika |
| 610 | 2 | 0 | |a Česko |
| 610 | 2 | 0 | |a Slovensko |
| 100 | 1 | |a Toman, Pavel | |